000 00308nam a2200133Ia 4500
008 150301s2015 xx 000 0 und d
082 _a612.015
_bM03A
100 _aANIL KUMAR
245 _aMAN NATURE AND ENVIROMENT
260 _bNEW AGE INT.
300 _a178
650 _aPHARMACEUTICS
942 _2ddc
_cBK
999 _c7229
_d7229